| 000 | 00509nam a2200169Ia 4500 | ||
|---|---|---|---|
| 008 | 090201s9999 xx 000 0 und d | ||
| 010 | _aKPL-49566 | ||
| 040 | _bमराठी | ||
| 041 | _aमराठी | ||
| 082 |
_a10074 _b49566 |
||
| 100 | _aरामचंद्र सडेकर | ||
| 245 |
_aजिवलग _cरामचंद्र सडेकर |
||
| 260 |
_c2004 _bदिलीप प्रकाशन |
||
| 300 |
_a392 _bमोठा |
||
| 600 | _aजिवलग | ||
| 942 | _cBOOK | ||
| 999 |
_c210546 _d210546 |
||